| 000 | 00326nab a22001097u 4500 | ||
|---|---|---|---|
| 008 | 130520b1986 xxu||||| |||| 00| 0 spa d | ||
| 041 | _aspa | ||
| 100 | 1 |
_aBrück, M. Von _967359 |
|
| 245 | 0 | 0 |
_aCooperación entre cristianos e hindúes _cM. von Brück |
| 773 | 0 |
_tConcilium _gV.1,1986,págs.65-71 _x0210-1041 _wRev134 |
|
| 942 | _cAR | ||
| 999 |
_c355180 _d355180 |
||